Agrárny program a ekonomická reforma.
Základné ciele a funkcie rozvoja agropotravinového komplexu formulované Prognostickými a Ekonomickými ústavmi ČSAV a SAV. Problémy spojené s hodnotením vecného a sociálneho dedičstva. Dôsledky radikálnej reštrikčnej politiky pre poľnohospodársku výrobu.
Salvato in:
| Autore principale: | |
|---|---|
| Natura: | Capitolo di libro |
| Lingua: | slovacco |
| Soggetti: | |
| Tags: |
Nessun Tag, puoi essere il primo ad aggiungerne!!
|
MARC
| LEADER | 00000naa a2200000 4500 | ||
|---|---|---|---|
| 001 | r004601 | ||
| 005 | 20221125075805.7 | ||
| 041 | 0 | |a slo | |
| 044 | |a [CS] | ||
| 245 | 1 | 0 | |a Agrárny program a ekonomická reforma. |c L. Klinko |
| 520 | |a Základné ciele a funkcie rozvoja agropotravinového komplexu formulované Prognostickými a Ekonomickými ústavmi ČSAV a SAV. Problémy spojené s hodnotením vecného a sociálneho dedičstva. Dôsledky radikálnej reštrikčnej politiky pre poľnohospodársku výrobu. | ||
| 610 | 2 | 0 | |a komplex poľnohospodársko-potravinársky |
| 610 | 2 | 0 | |a politika poľnohospodárska |
| 610 | 2 | 0 | |a politika finančná |
| 610 | 2 | 0 | |a výroba poľnohospodárska |
| 610 | 2 | 0 | |a reformy hospodárske |
| 610 | 2 | 0 | |a ČSFR |
| 100 | 1 | |a Klinko, L. | |